[Event "AUTO-MASTER-2410"]
[Site "http://www.queenalice.com/game.php?id=1447445"]
[Date "2016.11.2"]
[Round "2"]
[White "daniloartigas"]
[Black "CCapivara"]
[Result "1-0"]
[WhiteElo "2142"]
[BlackElo "2168"]

1. e4 d6 2. d4 Nf6 3. Nc3 c6 4. Bg5 Nbd7 5. f4 Qa5 6. Bd3 e5 7. Nf3 Be7 8. fxe5
dxe5 9. Bd2 Qc7 10. Qe2 O-O 11. O-O-O b5 12. a3 a5 13. Nxb5 cxb5 14. Bxb5 Rb8
15. a4 Bb7 16. d5 h6 17. Bc3 Rfc8 18. g4 Bd6 19. g5 hxg5 20. Nxg5 Nc5 21. Rhg1
Ba8 22. Rdf1 Kf8 23. Qg2 Rb7 24. Nh7+ Ke7 25. Qxg7 1-0

[Event "Challenge"]
[Site "http://www.queenalice.com/game.php?id=1449895"]
[Date "2016.11.13"]
[Round "-"]
[White "zugzwangkid"]
[Black "daniloartigas"]
[Result "1-0"]
[WhiteElo "1500"]
[BlackElo "2148"]

1. d4 Nf6 2. c4 e6 3. Nc3 Bb4 4. Qc2 d5 5. a3 Bxc3+ 6. bxc3 dxc4 7. e4 b5 8. a4
c6 9. Nf3 O-O 10. e5 Nd5 11. Ng5 h6 12. Qh7# 1-0

[Event "Challenge"]
[Site "http://www.queenalice.com/game.php?id=1450079"]
[Date "2016.11.13"]
[Round "-"]
[White "daniloartigas"]
[Black "Bzwugzwang"]
[Result "0-1"]
[WhiteElo "2217"]
[BlackElo "1967"]

1. e4 c5 2. Nf3 Nc6 3. d4 cxd4 4. Nxd4 g6 5. Nc3 Bg7 6. Be3 Nf6 7. f3 O-O 8. Qd2
d5 9. O-O-O dxe4 10. Nxc6 Qxd2+ 11. Rxd2 bxc6 12. fxe4 Ng4 13. Bd4 Bh6 14. h3
Bxd2+ 15. Kxd2 Rd8 16. hxg4 Rxd4+ 17. Ke3 Rb4 18. b3 Bxg4 19. Bc4 Rab8 20. Rf1
Rf8 21. e5 Be6 22. Bd3 Rg4 23. Be4 Rg3+ 24. Bf3 Rg5 0-1

[Event "AUTO-MASTER-2543"]
[Site "http://www.queenalice.com/game.php?id=1456185"]
[Date "2016.12.23"]
[Round "1"]
[White "daniloartigas"]
[Black "areis"]
[Result "1-0"]
[WhiteElo "2180"]
[BlackElo "2139"]

1. c4 e5 2. Nc3 Nf6 3. Nf3 Nc6 4. g3 Bb4 5. Bg2 O-O 6. O-O Re8 7. d3 Bc5 8. a3
Bd4 9. Qc2 a6 10. Nd5 Nxd5 11. cxd5 Ne7 12. Nxd4 exd4 13. d6 Nc6 14. Bf4 cxd6
15. Bxd6 Qf6 16. Bf4 b5 17. b4 Bb7 18. Rac1 Rac8 19. Qa2 Nd8 20. Rxc8 Bxc8 21.
Rc1 Bb7 22. Bxb7 Nxb7 23. Rc7 Nd8 24. Rxd7 h6 25. Kf1 Qc6 26. Qd5 Qxd5 27. Rxd5
Ne6 28. Be5 Rc8 29. f4 Rc3 30. f5 Ng5 31. Rd8+ Kh7 32. h4 f6 33. hxg5 fxe5 34.
g6# 1-0

[Event "AUTO-MASTER-2543"]
[Site "http://www.queenalice.com/game.php?id=1456186"]
[Date "2016.12.23"]
[Round "1"]
[White "areis"]
[Black "daniloartigas"]
[Result "1-0"]
[WhiteElo "2119"]
[BlackElo "2197"]

1. d4 Nf6 2. Nf3 e6 3. Bf4 d5 4. e3 c5 5. c3 Nc6 6. h3 Be7 7. Bb5 a6 8. Ba4 b5
9. Bc2 O-O 10. O-O c4 11. Nbd2 b4 12. e4 Qa5 13. exd5 exd5 14. Qc1 h6 15. Re1
Be6 16. Ne5 Nxe5 17. Bxe5 Nd7 18. Nf3 Nxe5 19. Nxe5 Qc7 20. Qd2 a5 21. a4 Rab8
22. Re2 bxc3 23. bxc3 Rb2 24. Bh7+ Kxh7 25. Qxb2 Rb8 26. Qc2+ g6 27. Nxg6 fxg6
28. Rxe6 Rg8 29. Rae1 Bg5 30. g3 h5 31. R1e5 Qd7 32. Qe2 Qd8 33. Qc2 Kh6 34. Qe2
Kh7 35. Qf3 Qd7 36. Qxd5 Qxd5 37. Rxd5 Bd2 38. Rxa5 Bxc3 39. Rc5 Bxd4 40. Rxc4
Bg7 41. a5 Rb8 42. a6 Rb1+ 43. Kg2 Ra1 44. Rc7 Kh6 45. h4 Bd4 46. Ree7 1-0

[Event "AUTO-MASTER-2543"]
[Site "http://www.queenalice.com/game.php?id=1456187"]
[Date "2016.12.23"]
[Round "1"]
[White "daniloartigas"]
[Black "Alsina"]
[Result "0-1"]
[WhiteElo "2183"]
[BlackElo "2259"]

1. c4 e5 2. Nc3 Nc6 3. Nf3 Nf6 4. g3 Bb4 5. Bg2 O-O 6. O-O e4 7. Ng5 Bxc3 8.
bxc3 Re8 9. Qc2 Qe7 10. f3 Qc5+ 11. Kh1 Qxg5 12. fxe4 d6 13. d4 Qg6 14. Bf4 Nxe4
15. e3 Nxg3+ 0-1

[Event "AUTO-MASTER-2543"]
[Site "http://www.queenalice.com/game.php?id=1456188"]
[Date "2016.12.23"]
[Round "1"]
[White "Alsina"]
[Black "daniloartigas"]
[Result "1-0"]
[WhiteElo "2283"]
[BlackElo "2173"]

1. Nf3 Nf6 2. d4 e6 3. c4 c5 4. e3 g6 5. Nc3 Bg7 6. dxc5 Qa5 7. Bd2 Qxc5 8. Nb5
a6 9. b4 Qb6 10. c5 Qd8 11. Nd6+ Kf8 12. Rc1 Nc6 13. h4 b6 14. h5 Ne8 15. Nxc8
Rxc8 16. Bxa6 Ra8 17. b5 Nb8 18. cxb6 Nxa6 19. b7 Rb8 20. bxa6 Qb6 21. Qa4 1-0

[Event "AUTO-MASTER-2543"]
[Site "http://www.queenalice.com/game.php?id=1456189"]
[Date "2016.12.23"]
[Round "1"]
[White "daniloartigas"]
[Black "Sepling"]
[Result "1/2-1/2"]
[WhiteElo "2164"]
[BlackElo "2004"]

1. e4 e5 2. Nf3 d6 3. d4 exd4 4. Nxd4 a6 5. Bc4 Qf6 6. O-O Be7 7. Nc3 c6 8. Re1
Nd7 9. f4 g6 10. Nf3 Qg7 11. e5 d5 12. Bb3 Nb6 13. Be3 Nd7 14. Nxd5 cxd5 15.
Qxd5 Nh6 16. e6 Nf6 17. exf7+ Nxf7 18. Qa5 O-O 19. Bd4 Bd8 20. Qc3 Kh8 21. Ng5
h6 22. Nxf7+ Rxf7 23. Bxf7 Qxf7 24. Rad1 Bg4 25. Rd3 Kh7 26. Be5 Bf5 27. Rxd8
Rxd8 28. Bxf6 Rc8 29. Qxc8 Bxc8 30. Re7 Kg8 31. Rxf7 Kxf7 32. Be5 h5 33. c4 Be6
34. b3 b5 35. cxb5 axb5 36. Kf2 Bd5 37. g3 Ke6 38. Ke3 Kf5 39. h4 Kg4 40. Kf2
Bc6 41. Bc3 Bd7 42. Be1 Be6 43. Ke3 Bd7 44. a3 Bc6 45. Bc3 1/2-1/2

[Event "AUTO-MASTER-2543"]
[Site "http://www.queenalice.com/game.php?id=1456190"]
[Date "2016.12.23"]
[Round "1"]
[White "Sepling"]
[Black "daniloartigas"]
[Result "0-1"]
[WhiteElo "2151"]
[BlackElo "2207"]

1. e4 e5 2. Bc4 Nf6 3. d3 d5 4. exd5 Nxd5 5. a3 Be7 6. h3 c5 7. Bd2 O-O 8. Qf3
Be6 9. Qg3 Bf6 10. c3 Qb6 11. b4 cxb4 12. axb4 Nc6 13. Bxd5 Bxd5 14. Be3 Nd4 15.
cxd4 Qxb4+ 16. Bd2 Qb2 17. Bc3 Qc1+ 18. Ke2 exd4 19. Nd2 Qxc3 20. Rd1 Rfe8+ 21.
Ne4 Bxe4 22. dxe4 Rxe4+ 23. Kf1 Qxg3 24. fxg3 Rc8 25. Nf3 Rc2 26. Nd2 Re3 27.
Kf2 Be5 28. Rhg1 Bxg3+ 29. Kf1 Rxd2 0-1

[Event "AUTO-MASTER-2649"]
[Site "http://www.queenalice.com/game.php?id=1498237"]
[Date "2017.10.10"]
[Round "1"]
[White "chessplayer123"]
[Black "daniloartigas"]
[Result "0-1"]
[WhiteElo "1801"]
[BlackElo "2170"]

1. e4 d6 2. d4 Nf6 3. Bc4 Nxe4 4. Bxf7+ Kxf7 5. Qh5+ Kg8 6. Qd5+ e6 7. Qxe4 d5
8. Qe3 c5 9. dxc5 d4 10. Qb3 Bxc5 11. Nf3 Nc6 12. O-O h6 13. a4 Kh7 14. Nbd2 e5
15. Ne4 Bb6 16. Qd3 Bf5 17. Re1 Rf8 18. Qe2 Ne7 19. Nxe5 Qd5 20. Nd3 Rae8 21. f3
Ng6 22. Qf2 Bxe4 23. fxe4 Rxe4 24. Qd2 Rg4 25. b3 Nh4 26. Re2 Nf3+ 0-1

[Event "AUTO-MASTER-2649"]
[Site "http://www.queenalice.com/game.php?id=1498238"]
[Date "2017.10.10"]
[Round "1"]
[White "daniloartigas"]
[Black "chessplayer123"]
[Result "1-0"]
[WhiteElo "2169"]
[BlackElo "1803"]

1. Nf3 d5 2. g3 Nf6 3. Bg2 e6 4. O-O Be7 5. d3 Nc6 6. Nbd2 b6 7. c4 Bb7 8. a3
dxc4 9. Nxc4 Rb8 10. b4 a6 11. Bb2 O-O 12. Rc1 b5 13. Nce5 Nxe5 14. Bxe5 Bd6 15.
Qc2 Nd5 16. Bb2 c6 17. Nd2 a5 18. Qb3 a4 19. Qc2 f5 20. e4 fxe4 21. dxe4 Nb6 22.
e5 Be7 23. Ne4 Nd5 24. Rfd1 Qe8 25. Nc5 Bg5 26. f4 Ne3 27. Qe2 Nxd1 28. Rxd1
Bxf4 29. gxf4 Rxf4 30. Rd6 Qg6 31. Qd1 h6 32. Rxe6 1-0

[Event "AUTO-MASTER-2649"]
[Site "http://www.queenalice.com/game.php?id=1498253"]
[Date "2017.10.10"]
[Round "1"]
[White "Constante"]
[Black "daniloartigas"]
[Result "0-1"]
[WhiteElo "2229"]
[BlackElo "2178"]

1. g3 d5 2. Bg2 e5 3. Nf3 Bd6 4. O-O Nf6 5. c4 c6 6. d3 O-O 7. a3 a5 8. b3 Nbd7
9. Bb2 Re8 10. Nc3 Nc5 11. Nxe5 d4 12. Ne4 Nfxe4 13. dxe4 Bxe5 14. f4 Bc7 15. e5
d3 16. b4 Bg4 17. bxc5 dxe2 18. Qc2 exf1=Q+ 19. Rxf1 Qe7 20. h3 Qxc5+ 21. Kh2
Be6 22. Rc1 g6 23. Qe2 Red8 24. Be4 Rd7 25. Rc2 Bb6 26. Qg2 Rad8 27. Bf3 Rd2 0-1

[Event "AUTO-MASTER-2649"]
[Site "http://www.queenalice.com/game.php?id=1498254"]
[Date "2017.10.10"]
[Round "1"]
[White "daniloartigas"]
[Black "Constante"]
[Result "1/2-1/2"]
[WhiteElo "2192"]
[BlackElo "2176"]

1. Nf3 g6 2. d4 Bg7 3. e4 d6 4. c3 Nd7 5. Bd3 e5 6. Bg5 Ngf6 7. O-O O-O 8. Na3
h6 9. Be3 Re8 10. h3 Nh5 11. Qd2 Nf8 12. Bxh6 Nh7 13. Bxg7 Kxg7 14. Nc4 b5 15.
Ne3 a6 16. a4 bxa4 17. Rxa4 Nf4 18. Bc4 a5 19. dxe5 Bd7 20. Raa1 dxe5 21. Nd5
Nxd5 22. exd5 Nf6 23. Rfe1 e4 24. Ng5 Bc6 25. Qd4 Bxd5 26. Rad1 c6 27. Qc5 Re5
28. h4 Qc7 29. Bxd5 Nxd5 30. Rxe4 Rxe4 31. Nxe4 Nf6 32. Nxf6 Kxf6 33. Rd6+ Kg7
34. Rxc6 Qb7 35. Qd4+ Kg8 36. Qb6 Qe7 37. g3 a4 38. Kg2 1/2-1/2

[Event "AUTO-MASTER-2649"]
[Site "http://www.queenalice.com/game.php?id=1498265"]
[Date "2017.10.10"]
[Round "1"]
[White "daniloartigas"]
[Black "JailtonMaster"]
[Result "1-0"]
[WhiteElo "2171"]
[BlackElo "1996"]

1. c4 Nf6 2. Nc3 g6 3. d4 Bg7 4. e4 d6 5. f3 O-O 6. Be3 Nbd7 7. Qd2 c5 8. d5 Nb6
9. Bd3 e6 10. Nge2 exd5 11. cxd5 Nfd7 12. O-O Ne5 13. Rab1 Nxd3 14. Qxd3 f5 15.
Bf4 fxe4 16. fxe4 Bg4 17. Nb5 c4 18. Qd2 a6 19. Nxd6 Rxf4 20. Qxf4 Bxe2 21. Qf7+
Kh8 22. Qe6 Bd4+ 23. Kh1 Qh4 24. Rf7 Bxb2 25. Rxb7 1-0

[Event "AUTO-MASTER-2649"]
[Site "http://www.queenalice.com/game.php?id=1498266"]
[Date "2017.10.10"]
[Round "1"]
[White "JailtonMaster"]
[Black "daniloartigas"]
[Result "0-1"]
[WhiteElo "1982"]
[BlackElo "2162"]

1. e4 e5 2. Nf3 Nc6 3. Bb5 a6 4. Ba4 Nf6 5. O-O Nxe4 6. Nxe5 Nxe5 7. Re1 f5 8.
d3 Qh4 9. dxe4 f4 10. g3 Qh3 11. Nd2 fxg3 12. fxg3 Bc5+ 13. Kh1 Ng4 14. Re2 Rf8
15. Qe1 Rf2 16. Rxf2 Nxf2+ 0-1

[Event "AUTO-MASTER-2649"]
[Site "http://www.queenalice.com/game.php?id=1546395"]
[Date "2018.10.19"]
[Round "2"]
[White "daniloartigas"]
[Black "sia"]
[Result "1-0"]
[WhiteElo "2176"]
[BlackElo "1860"]

1. Nf3 d6 2. g3 Nc6 3. Bg2 Bd7 4. O-O e5 5. d3 a6 6. c4 Nf6 7. Nc3 Be7 8. e4 O-O
9. Nd5 Nxd5 10. cxd5 Nd4 11. Be3 c5 12. dxc6 Nxf3+ 13. Bxf3 bxc6 14. d4 exd4 15.
Qxd4 c5 16. Qd2 Bc6 17. Bg2 h6 18. Rfd1 Qc8 19. Rac1 Qe6 20. b4 Bxe4 21. Bxe4
Qxe4 22. bxc5 dxc5 23. Bxc5 Rfd8 24. Qe3 Rxd1+ 25. Rxd1 Qc2 26. Rc1 Bxc5 27.
Rxc2 Bxe3 28. fxe3 Kh7 29. Rc6 a5 30. a4 f6 31. Rc5 Kg6 32. Kf2 h5 33. Kg2 Ra6
34. Kf3 f5 35. Kf4 Rb6 36. Rxa5 Rb4+ 37. Kf3 Kh6 38. Ra8 g5 39. h3 g4+ 40. hxg4
hxg4+ 41. Kf2 Rb2+ 42. Kf1 Rb3 43. Ke2 Rb2+ 44. Kf1 Kg5 45. a5 Rb3 46. a6 Rxe3
47. a7 Ra3 48. Rg8+ Kf6 49. a8=Q Rxa8 50. Rxa8 Ke5 51. Ra5+ Kf6 52. Kf2 Kg5 53.
Ke3 Kg6 54. Kf4 Kf6 55. Rxf5+ Ke6 56. Ke4 Ke7 57. Kd5 Ke8 58. Kd6 Kd8 59. Rf8#
1-0

[Event "AUTO-MASTER-2649"]
[Site "http://www.queenalice.com/game.php?id=1546396"]
[Date "2018.10.19"]
[Round "2"]
[White "sia"]
[Black "daniloartigas"]
[Result "0-1"]
[WhiteElo "1883"]
[BlackElo "2173"]

1. e4 d6 2. d3 Nf6 3. Nf3 c5 4. Be2 Nc6 5. Bg5 g6 6. Bxf6 exf6 7. Nc3 Bg7 8. O-O
O-O 9. Nd5 f5 10. exf5 Bxf5 11. c3 b5 12. Qb3 Rb8 13. Ne3 Be6 14. Qc2 b4 15. c4
a5 16. Rab1 b3 17. axb3 Nd4 18. Nxd4 Bxd4 19. Bf3 Qf6 20. Nd5 Bxd5 21. Bxd5 Rb6
22. Ra1 Rfb8 23. Rxa5 Rxb3 24. Ra7 Rxb2 25. Rxf7 Rxc2 26. Rxf6+ Kh8 27. Rxd6
Rxf2 28. Rd8+ Rxd8 29. Rxf2 Rb8 30. g3 Rb2 31. Kg2 Rxf2+ 32. Kh3 Rd2 33. Be4 Bg1
34. g4 Bxh2 35. Kh4 Bf4 36. g5 Kg7 37. Kg4 Be3 38. Kh4 Rh2+ 39. Kg3 Rh5 40. Kf3
Bxg5 41. Kg4 Be3 42. Kf3 Bd4 43. Kg4 Kf6 44. Kg3 Rf5 45. Bxf5 Kxf5 46. Kf3 g5
47. Kg3 h5 48. Kh3 Kf4 49. Kg2 g4 50. Kh2 Kf3 51. Kh1 Bf2 52. Kh2 g3+ 53. Kh1
g2+ 54. Kh2 g1=Q+ 55. Kh3 Qg3# 0-1

[Event "AUTO-MASTER-2649"]
[Site "http://www.queenalice.com/game.php?id=1546397"]
[Date "2018.10.19"]
[Round "2"]
[White "daniloartigas"]
[Black "rafaelp"]
[Result "0-1"]
[WhiteElo "2179"]
[BlackElo "2115"]

1. c4 Nf6 2. Nf3 e6 3. Nc3 Nc6 4. g3 Be7 5. Bg2 O-O 6. O-O b6 7. d4 Ba6 8. Ne5
Bb7 9. Nxc6 Bxc6 10. d5 exd5 11. cxd5 Bb7 12. e4 d6 13. Be3 a5 14. f4 Bc8 15.
Bd4 Bd7 16. e5 Ne8 17. Be4 dxe5 18. fxe5 f6 19. e6 Bc8 20. Qh5 g6 21. Bxg6 hxg6
22. Qxg6+ Ng7 23. Rf4 Qe8 24. Qh6 Qh5 25. Qxh5 Nxh5 26. Rg4+ Ng7 27. Rf1 Ba6 28.
Rff4 Bc5 29. Bxc5 bxc5 30. Rg6 f5 31. g4 Kh7 32. gxf5 Nxf5 33. Rg5 Nh6 34. Rh4
Rg8 35. Rg3 Rxg3+ 36. hxg3 Rb8 37. b3 Kg7 38. Rf4 Rf8 39. Ra4 Rf3 40. Ne4 Bd3
41. Nxc5 Rxg3+ 42. Kf2 Nf5 43. Nxd3 Rxd3 44. Rxa5 Ne7 0-1

[Event "AUTO-MASTER-2649"]
[Site "http://www.queenalice.com/game.php?id=1546398"]
[Date "2018.10.19"]
[Round "2"]
[White "rafaelp"]
[Black "daniloartigas"]
[Result "1-0"]
[WhiteElo "2144"]
[BlackElo "2192"]

1. e4 e5 2. Nf3 Nc6 3. Nc3 Nf6 4. Bc4 Nxe4 5. Nxe4 d5 6. Bxd5 Qxd5 7. d3 Be7 8.
O-O O-O 9. Re1 h6 10. Nc3 Bg4 11. Nxd5 1-0

[Event "AUTO-MASTER-2649"]
[Site "http://www.queenalice.com/game.php?id=1546399"]
[Date "2018.10.19"]
[Round "2"]
[White "daniloartigas"]
[Black "Zorychta"]
[Result "0-1"]
[WhiteElo "2176"]
[BlackElo "2469"]

1. Nf3 d5 2. g3 c5 3. Bg2 Nc6 4. O-O e5 5. d3 Nf6 6. Bg5 Be7 7. Nbd2 O-O 8. c4
d4 9. a3 a5 10. b3 h6 11. Bxf6 Bxf6 12. Ne4 Be7 13. Ne1 f5 14. Nd2 Qd6 15. Nc2
Bd7 16. Nf3 Rae8 17. e3 f4 18. exd4 exd4 19. Nd2 Ne5 20. Ne4 Qc7 21. Rb1 f3 22.
Bh1 Qc8 23. b4 axb4 24. axb4 Ba4 25. Qd2 Bxc2 26. Qxc2 Qh3 0-1

[Event "AUTO-MASTER-2649"]
[Site "http://www.queenalice.com/game.php?id=1546400"]
[Date "2018.10.19"]
[Round "2"]
[White "Zorychta"]
[Black "daniloartigas"]
[Result "1-0"]
[WhiteElo "2464"]
[BlackElo "2179"]

1. e4 d6 2. d4 Nf6 3. Nc3 g6 4. f4 Bg7 5. Nf3 O-O 6. Bd3 Na6 7. O-O c5 8. d5 Nc7
9. a4 a6 10. a5 Rb8 11. Re1 b5 12. axb6 Rxb6 13. Na4 Rb8 14. c4 e6 15. e5 dxe5
16. fxe5 Nd7 17. Bg5 Qe8 18. d6 Na8 19. Be7 1-0